| 000 | 00652nam a2200241 a 4500 | ||
|---|---|---|---|
| 001 | nice12345678 | ||
| 003 | IN_TiNIC | ||
| 005 | 20260116011924.0 | ||
| 008 | 050524s1978 bera grp 000 0 eng | ||
| 020 |
_a0520031 _c17.75 |
||
| 082 | 0 | 0 |
_a297.0959 _bPEA |
| 100 | _aPeacock, James L | ||
| 245 |
_aMuslim Puritans _b Reformist Psychology in Southeast Asian Islam. |
||
| 260 |
_aBerkeley _bUniversity of California Press _c1978 |
||
| 300 | _a276p. | ||
| 500 | _aincludes index and biblioraphy | ||
| 505 | 2 | _aIndex | |
| 650 | _aIslam-Asia-South East | ||
| 700 | 1 | _aPeacock, James L | |
| 902 | _bSRS | ||
| 942 | _cBK | ||
| 999 |
_c4919 _d4919 |
||